ARRUPE JESUIT UNIVERSITY

CORONAVIRUS -STOP THE SPREAD - CLEAN,DISINFECT,COVER

A juridical analysis of the "Bonum coniugum" in a canonical marriage (Record no. 124651)

MARC details
000 -LEADER
fixed length control field 00599nam a22001697a 4500
005 - DATE AND TIME OF LATEST TRANSACTION
control field 20160503104301.0
008 - FIXED-LENGTH DATA ELEMENTS--GENERAL INFORMATION
fixed length control field 160415b xxu||||| |||| 00| 0 eng d
050 ## - LIBRARY OF CONGRESS CALL NUMBER
Classification number BX1939.M3K97
100 ## - MAIN ENTRY--PERSONAL NAME
Personal name Kusumawanta, Dominikus Gusti Bagus
9 (RLIN) 23939
245 ## - TITLE STATEMENT
Title A juridical analysis of the "Bonum coniugum" in a canonical marriage
Statement of responsibility, etc by Kusumawanta, Dominikus Gusti Bagus
260 ## - PUBLICATION, DISTRIBUTION, ETC. (IMPRINT)
Place of publication, distribution, etc Rome
Name of publisher, distributor, etc Pontificia Universitas Urbaniana
Date of publication, distribution, etc 2001
300 ## - PHYSICAL DESCRIPTION
Extent xv, 204p.;
Dimensions 24cm.
500 ## - GENERAL NOTE
General note Thesis
650 ## - SUBJECT ADDED ENTRY--TOPICAL TERM
Topical term or geographic name as entry element Marriage
General subdivision Canon law
9 (RLIN) 23940
650 ## - SUBJECT ADDED ENTRY--TOPICAL TERM
Topical term or geographic name as entry element Marriage
General subdivision Catholic church
9 (RLIN) 23941
942 ## - ADDED ENTRY ELEMENTS (KOHA)
Source of classification or shelving scheme Library of Congress Classification
Item type Monograph ( Printed materials)
Holdings
Withdrawn status Lost status Source of classification or shelving scheme Damaged status Not for loan Collection code Home library Current library Shelving location Date acquired Total Checkouts Full call number Barcode Date last seen Price effective from Koha item type
    Library of Congress Classification     Main Collection ARRUPE LIBRARY ARRUPE LIBRARY Main Collection 15/04/2016   BX1939.M3K97 46500006915 22/11/2017 15/04/2016 Monograph ( Printed materials)

 

Arrupe Library. PO Box MP320 Mt Pleasant, Harare, Zimbabwe
263 242 745411|librarian@aju.ac.zw